<?xml version="1.0" encoding="UTF-8"?>
<record
    xmlns:xsi="http://www.w3.org/2001/XMLSchema-instance"
    xsi:schemaLocation="http://www.loc.gov/MARC21/slim http://www.loc.gov/standards/marcxml/schema/MARC21slim.xsd"
    xmlns="http://www.loc.gov/MARC21/slim">

  <leader>02348cam a2200421 i 4500</leader>
  <controlfield tag="003">OSt</controlfield>
  <controlfield tag="005">20180815165028.0</controlfield>
  <controlfield tag="008">171201s2018    moua     b    001 0 eng c</controlfield>
  <datafield tag="020" ind1=" " ind2=" ">
    <subfield code="a">9780323375801</subfield>
  </datafield>
  <datafield tag="020" ind1=" " ind2=" ">
    <subfield code="a">0323375804</subfield>
  </datafield>
  <datafield tag="020" ind1=" " ind2=" ">
    <subfield code="a">9780323390149</subfield>
  </datafield>
  <datafield tag="020" ind1=" " ind2=" ">
    <subfield code="a">0323390145</subfield>
  </datafield>
  <datafield tag="020" ind1=" " ind2=" ">
    <subfield code="a">9780323390118</subfield>
  </datafield>
  <datafield tag="020" ind1=" " ind2=" ">
    <subfield code="a">0323390110</subfield>
  </datafield>
  <datafield tag="040" ind1=" " ind2=" ">
    <subfield code="a">NLM</subfield>
    <subfield code="b">eng</subfield>
    <subfield code="c">NLM</subfield>
    <subfield code="e">rda</subfield>
    <subfield code="d">YDXCP</subfield>
    <subfield code="d">BDX</subfield>
    <subfield code="d">UZ0</subfield>
    <subfield code="d">PFM</subfield>
    <subfield code="d">MBU</subfield>
    <subfield code="d">OCLCF</subfield>
    <subfield code="d">BTCTA</subfield>
    <subfield code="d">OCLCO</subfield>
    <subfield code="d">DLC</subfield>
  </datafield>
  <datafield tag="042" ind1=" " ind2=" ">
    <subfield code="a">pcc</subfield>
  </datafield>
  <datafield tag="050" ind1="0" ind2="0">
    <subfield code="a">RK667.I45</subfield>
    <subfield code="b">R47 2018</subfield>
  </datafield>
  <datafield tag="060" ind1="0" ind2="0">
    <subfield code="a">2017 F-328</subfield>
  </datafield>
  <datafield tag="060" ind1="1" ind2="0">
    <subfield code="a">WU 640</subfield>
  </datafield>
  <datafield tag="082" ind1=" " ind2=" ">
    <subfield code="2">21</subfield>
    <subfield code="a">617.6</subfield>
    <subfield code="b">RRM</subfield>
  </datafield>
  <datafield tag="100" ind1="1" ind2=" ">
    <subfield code="a">Resnik, Randolph R.,</subfield>
    <subfield code="e">author.</subfield>
    <subfield code="9">64122</subfield>
  </datafield>
  <datafield tag="245" ind1="1" ind2="0">
    <subfield code="a">Misch's avoiding complications in oral implantology /</subfield>
    <subfield code="c">Randolph R. Resnik, DMD, MDS, Clinical Professor, Department of Periodontology and Oral Implantology, Kornberg School of Dentistry-Temple University, Philadelphia, Pennnsylvania, Adjunct Professor, University of Pittsburgh School of Dental Medicine, Graduate Prosthodontics, Pittsburgh, Pennsylvania, Surgical Director/Chief of Staff, Misch International Implant Institute, Beverly Hills, Michigan, Carl E. Misch, DDS, MDS, PhD (HC), Clinical Professor and Past Director, Oral Implant Dentistry, Temple University, Kornberg School of Dentistry, Department of Periodontics and Implant Dentistry, Philadelphia, Pennsylvania, Adjunct Professor, University of Alabama at Birmingham, School of Engineering, Birmingham, Alabama, Founder, Misch International Implant Institute, Beverly Hills, Michigan.</subfield>
  </datafield>
  <datafield tag="246" ind1="1" ind2=" ">
    <subfield code="a">Avoiding complications in oral implantology</subfield>
  </datafield>
  <datafield tag="300" ind1=" " ind2=" ">
    <subfield code="a">xiii, 891 pages :</subfield>
    <subfield code="b">illustrations (some colour) ;</subfield>
    <subfield code="c">29 cm</subfield>
  </datafield>
  <datafield tag="504" ind1=" " ind2=" ">
    <subfield code="a">Includes bibliographical references and index.</subfield>
  </datafield>
  <datafield tag="650" ind1=" " ind2="0">
    <subfield code="a">Dental implants.</subfield>
    <subfield code="9">64123</subfield>
  </datafield>
  <datafield tag="650" ind1=" " ind2="0">
    <subfield code="a">Dentistry, Operative</subfield>
    <subfield code="x">Complications.</subfield>
    <subfield code="9">64124</subfield>
  </datafield>
  <datafield tag="650" ind1="1" ind2="2">
    <subfield code="a">Dental Implantation.</subfield>
    <subfield code="9">52017</subfield>
  </datafield>
  <datafield tag="650" ind1="2" ind2="2">
    <subfield code="a">Oral Surgical Procedures, Preprosthetic</subfield>
    <subfield code="x">adverse effects.</subfield>
    <subfield code="9">64125</subfield>
  </datafield>
  <datafield tag="650" ind1="2" ind2="2">
    <subfield code="a">Intraoperative Complications</subfield>
    <subfield code="x">prevention &amp; control.</subfield>
    <subfield code="9">64126</subfield>
  </datafield>
  <datafield tag="650" ind1="2" ind2="2">
    <subfield code="a">Postoperative Complications</subfield>
    <subfield code="x">prevention &amp; control.</subfield>
    <subfield code="9">64127</subfield>
  </datafield>
  <datafield tag="650" ind1=" " ind2="7">
    <subfield code="a">Dental implants.</subfield>
    <subfield code="2">fast</subfield>
    <subfield code="9">64123</subfield>
  </datafield>
  <datafield tag="650" ind1=" " ind2="7">
    <subfield code="a">Dentistry, Operative</subfield>
    <subfield code="x">Complications.</subfield>
    <subfield code="2">fast</subfield>
    <subfield code="9">64124</subfield>
  </datafield>
  <datafield tag="700" ind1="1" ind2=" ">
    <subfield code="a">Misch, Carl E.,</subfield>
    <subfield code="e">author.</subfield>
    <subfield code="9">52015</subfield>
  </datafield>
  <datafield tag="942" ind1=" " ind2=" ">
    <subfield code="c">BOOK</subfield>
  </datafield>
  <datafield tag="906" ind1=" " ind2=" ">
    <subfield code="a">7</subfield>
    <subfield code="b">cbc</subfield>
    <subfield code="c">pccadap</subfield>
    <subfield code="d">2</subfield>
    <subfield code="e">ncip</subfield>
    <subfield code="f">20</subfield>
    <subfield code="g">y-gencatlg</subfield>
  </datafield>
  <datafield tag="999" ind1=" " ind2=" ">
    <subfield code="c">42566</subfield>
    <subfield code="d">312186</subfield>
  </datafield>
  <datafield tag="952" ind1=" " ind2=" ">
    <subfield code="1">0</subfield>
    <subfield code="2">2018-08-15</subfield>
    <subfield code="4">0</subfield>
    <subfield code="7">0</subfield>
    <subfield code="a">617.6 RRM</subfield>
    <subfield code="d">2018-08-15</subfield>
    <subfield code="h">CL</subfield>
    <subfield code="i">00656783</subfield>
    <subfield code="m">CL</subfield>
    <subfield code="r">2018-08-15 00:00:00</subfield>
    <subfield code="t">BOOK</subfield>
    <subfield code="w">ddc</subfield>
    <subfield code="y">0</subfield>
  </datafield>
  <datafield tag="952" ind1=" " ind2=" ">
    <subfield code="1">0</subfield>
    <subfield code="2">2018-08-15</subfield>
    <subfield code="4">0</subfield>
    <subfield code="7">0</subfield>
    <subfield code="a">617.6 RRM</subfield>
    <subfield code="d">2018-08-15</subfield>
    <subfield code="h">CL</subfield>
    <subfield code="i">00656784</subfield>
    <subfield code="m">CL</subfield>
    <subfield code="r">2018-08-15 00:00:00</subfield>
    <subfield code="t">BOOK</subfield>
    <subfield code="w">ddc</subfield>
    <subfield code="y">0</subfield>
  </datafield>
  <datafield tag="952" ind1=" " ind2=" ">
    <subfield code="1">0</subfield>
    <subfield code="2">2018-08-18</subfield>
    <subfield code="4">0</subfield>
    <subfield code="7">0</subfield>
    <subfield code="a">617.6 RRM</subfield>
    <subfield code="d">2018-08-18</subfield>
    <subfield code="h">SZM</subfield>
    <subfield code="i">00657150</subfield>
    <subfield code="m">SZM</subfield>
    <subfield code="r">2018-08-18 00:00:00</subfield>
    <subfield code="t">BOOK</subfield>
    <subfield code="w">ddc</subfield>
    <subfield code="y">0</subfield>
  </datafield>
  <datafield tag="952" ind1=" " ind2=" ">
    <subfield code="1">0</subfield>
    <subfield code="2">2018-08-18</subfield>
    <subfield code="4">0</subfield>
    <subfield code="7">0</subfield>
    <subfield code="a">617.6 RRM</subfield>
    <subfield code="d">2018-08-18</subfield>
    <subfield code="h">SZM</subfield>
    <subfield code="i">00657151</subfield>
    <subfield code="m">SZM</subfield>
    <subfield code="r">2018-08-18 00:00:00</subfield>
    <subfield code="t">BOOK</subfield>
    <subfield code="w">ddc</subfield>
    <subfield code="y">0</subfield>
  </datafield>
  <datafield tag="952" ind1=" " ind2=" ">
    <subfield code="1">0</subfield>
    <subfield code="2">2019-08-22</subfield>
    <subfield code="4">0</subfield>
    <subfield code="7">0</subfield>
    <subfield code="a">617.6 RRM</subfield>
    <subfield code="d">2019-08-22</subfield>
    <subfield code="h">CL</subfield>
    <subfield code="i">00158180</subfield>
    <subfield code="m">CL</subfield>
    <subfield code="r">2019-08-22 00:00:00</subfield>
    <subfield code="t">BOOK</subfield>
    <subfield code="w">ddc</subfield>
    <subfield code="y">0</subfield>
  </datafield>
  <datafield tag="952" ind1=" " ind2=" ">
    <subfield code="1">0</subfield>
    <subfield code="2">2019-08-22</subfield>
    <subfield code="4">0</subfield>
    <subfield code="7">0</subfield>
    <subfield code="a">617.6 RRM</subfield>
    <subfield code="d">2019-08-22</subfield>
    <subfield code="h">DZF</subfield>
    <subfield code="i">00158181</subfield>
    <subfield code="m">DZF</subfield>
    <subfield code="r">2019-08-22 00:00:00</subfield>
    <subfield code="t">BOOK</subfield>
    <subfield code="w">ddc</subfield>
    <subfield code="y">0</subfield>
  </datafield>
  <datafield tag="952" ind1=" " ind2=" ">
    <subfield code="1">0</subfield>
    <subfield code="2">2019-08-22</subfield>
    <subfield code="4">0</subfield>
    <subfield code="7">0</subfield>
    <subfield code="a">617.6 RRM</subfield>
    <subfield code="d">2019-08-22</subfield>
    <subfield code="h">DZF</subfield>
    <subfield code="i">00158182</subfield>
    <subfield code="m">DZF</subfield>
    <subfield code="r">2019-08-22 00:00:00</subfield>
    <subfield code="t">BOOK</subfield>
    <subfield code="w">ddc</subfield>
    <subfield code="y">0</subfield>
  </datafield>
</record>
